00812nam a22002177a 450000100060000000300090000600500170001500800410003202000180007304000330009108200220012410000230014624501480016925000120031726000520032930000390038165000550042065000580047570000270053370000340056021785BD-DhUAP20230604122344.0230405b2010 ii a|||| |||| 00| 0 eng d a9781107400542 aDLCbEngcBD-DhUAPdBD-DhUAP 220a808.06665 JON aJones, Leo,d1943- aNew international business English : bcommunication skills in English for business purposes / c Leo Jones, Richard Alexander. Student's Book. aNew ed. aNew Delhi ;bCambridge University Press, c2010 a176 p. :bill., maps , cd ;c28cm. aEnglish language vTextbooks for foreign speakers. aEnglish language x Business English.vStudent's Book a Jones, Leo, |d1943-  aAlexander, Richard J.d 1945-